Trendy a výzvy rodinného podnikania a nástupníctva VI. finančná stratégia podniku : zborník vedeckých statí

Enregistré dans:
Détails bibliographiques
Collectivités auteurs: ENTERinstitut, Fakulta podnikového manažmentu EU
Autres auteurs: Hajduová, Zuzana, 1974-, Markovič, Peter, 1974-, Hampel, Katarzyna, Novysedlák, Martin, 1991-, Beug, Benjamin
Format: Livre
Langue:slovaque
anglais
Publié: Bratislava [Fakulta podnikového manažmentu EU] 2025
Édition:1. vydanie
Sujets:
Tags: Ajouter un tag
Pas de tags, Soyez le premier à ajouter un tag!

MARC

LEADER 00000nam a2200000 4500
001 0311638
005 20250722082243.6
020 |a 978-80-225-5239-4 
041 0 |a slo 
041 0 |a eng 
044 |a SK 
245 1 0 |a Trendy a výzvy rodinného podnikania a nástupníctva VI.  |b finančná stratégia podniku : zborník vedeckých statí  |c editori / Editors: Zuzana Hajduová, Peter Markovič ; recenzenti / Reviewers: Katarzyna Hampel, Martin Novysedlák, Benjamin Beug 
250 |a 1. vydanie 
264 1 |a Bratislava  |b [Fakulta podnikového manažmentu EU]  |c 2025 
300 |a 91 s. [6,50 AH] 
610 2 0 |a podnikanie rodinné 
610 2 0 |a nástupníctvo podnikové 
610 2 0 |a financie 
610 2 0 |a stratégia hospodárska 
610 2 0 |a stratégia podniková 
610 2 0 |a výkonnosť finančná 
610 2 0 |a modely obchodné 
610 2 0 |a udržateľnosť 
700 1 |a Hajduová, Zuzana, 1974- 
700 1 |a Markovič, Peter, 1974- 
700 1 |a Hampel, Katarzyna 
700 1 |a Novysedlák, Martin, 1991- 
700 1 |a Beug, Benjamin 
710 2 |a ENTERinstitut 
710 2 |a Fakulta podnikového manažmentu EU